[Event "Paracin op-A 18th"]
[Site "Paracin"]
[Date "2025.07.10"]
[Round "7"]
[White "Rohit, S3."]
[Black "Zhukov, Anton"]
[Result "1/2-1/2"]
[WhiteElo "2215"]
[BlackElo "2310"]
[PlyCount "66"]
[EventDate "2025.07.04"]
[EventType "swiss"]
[EventRounds "9"]
[EventCountry "SRB"]
[SourceTitle "CB29_2025"]
[SourceDate "2025.07.16"]
[SourceVersion "1"]
[SourceVersionDate "2025.07.16"]
[SourceQuality "1"]

1. e4 c6 2. d4 d5 3. Nc3 dxe4 4. Nxe4 Bf5 5. Ng3 Bg6 6. h4 h6 7. Nf3 Nd7 8. h5 Bh7 9. Bd3 Bxd3 10. Qxd3 e6 11. Bf4 Qa5+ 12. Bd2 Bb4 13. c3 Be7 14. c4 Qb6 15. 0-0 Ngf6 16. b4 0-0 17. Rfe1 Rfd8 18. Qe2 Qc7 19. Rad1 b6 20. Ne5 Nxe5 21. dxe5 Nd7 22. Bc3 a5 23. bxa5 bxa5 24. Rf1 a4 25. f4 Nc5 26. Bd4 Na6 27. Kh2 Bc5 28. Bxc5 Nxc5 29. Ne4 Nxe4 30. Qxe4 Rxd1 31. Rxd1 Rd8 32. Rxd8+ Qxd8 33. Qxc6 Qh4+ 1/2-1/2

[Event "RUS-chT Blitz"]
[Site "Sochi"]
[Date "2024.10.17"]
[Round "1.6"]
[White "Zhukov, Anton"]
[Black "Tsydypov, Zhamsaran"]
[Result "0-1"]
[WhiteElo "2301"]
[BlackElo "2507"]
[PlyCount "72"]
[EventDate "2024.10.17"]
[EventType "team-swiss (blitz)"]
[EventRounds "11"]
[EventCountry "RUS"]
[SourceTitle "CB43_2024"]
[Source "Chessbase"]
[SourceDate "2024.10.23"]
[SourceVersion "1"]
[SourceVersionDate "2024.10.23"]
[SourceQuality "1"]
[WhiteTeam "Moscow Severnyy Kharakter"]
[BlackTeam "Tatarstan"]
[WhiteTeamCountry "RUS"]
[BlackTeamCountry "RUS"]

1. d4 g6 2. e4 Bg7 3. Bc4 d6 4. Nf3 a6 5. a4 Nf6 6. Qe2 0-0 7. 0-0 Nc6 8. c3 e5 9. dxe5 dxe5 10. Rd1 Qe8 11. h3 h6 12. Nbd2 Nh5 13. Nf1 Na5 14. Ba2 Be6 15. Bxe6 Qxe6 16. Be3 Nc4 17. Bc5 Nf4 18. Qc2 Rfd8 19. Ne3 Na5 20. Rxd8+ Rxd8 21. Rd1 Rc8 22. c4 Nc6 23. Nd5 Kh7 24. Be3 Nh5 25. b4 f5 26. b5 Nb8 27. exf5 gxf5 28. g4 e4 29. gxh5 exf3 30. Nf4 Qe4 31. Qxe4 fxe4 32. Ne6 Bf6 33. Kf1 Be5 34. Rd5 Bh2 35. Rd4 Rg8 36. Rxe4 Rg1# 0-1

[Event "Belgrade Radnicki IM 07"]
[Site "Belgrade"]
[Date "2024.07.25"]
[Round "3"]
[White "Zhukov, Anton"]
[Black "Mijailovic, Zoran"]
[Result "1/2-1/2"]
[WhiteElo "2237"]
[BlackElo "2293"]
[PlyCount "87"]
[EventDate "2024.07.23"]
[EventType "tourn"]
[EventRounds "9"]
[EventCountry "SRB"]
[SourceTitle "EXT 2025"]
[Source "ChessBase"]
[SourceDate "2024.10.14"]
[SourceVersion "1"]
[SourceVersionDate "2024.10.14"]
[SourceQuality "1"]

1. d4 Nf6 2. c4 e6 3. Nf3 Bb4+ 4. Nbd2 b6 5. a3 Bxd2+ 6. Qxd2 Bb7 7. e3 0-0 8. Be2 d6 9. 0-0 Nbd7 10. b4 a5 11. Bb2 axb4 12. axb4 Qe7 13. Qc2 Rfc8 14. Nd2 c5 15. dxc5 bxc5 16. b5 Nb6 17. Nb3 Na4 18. Bc1 d5 19. Bd2 dxc4 20. Bxc4 Be4 21. Qc1 Nb6 22. Rxa8 Bxa8 23. Na5 Ne4 24. f3 Nxd2 25. Qxd2 Rd8 26. Qc3 Qg5 27. e4 Rd2 28. Rf2 Rxf2 29. Kxf2 Qh4+ 30. Kg1 Qd8 31. Nb3 Nd7 32. Be2 Qc7 33. Qa5 Qxa5 34. Nxa5 Nb6 35. Kf2 Kf8 36. Ke3 Ke7 37. h4 Kd6 38. g4 h6 39. f4 f6 40. g5 e5 41. fxe5+ Kxe5 42. gxh6 gxh6 43. Bd3 c4 44. Nxc4+ 1/2-1/2

[Event "Belgrade Radnicki IM 07"]
[Site "Belgrade"]
[Date "2024.07.24"]
[Round "2"]
[White "Anand, Batsukh"]
[Black "Zhukov, Anton"]
[Result "0-1"]
[WhiteElo "2264"]
[BlackElo "2237"]
[PlyCount "69"]
[EventDate "2024.07.23"]
[EventType "tourn"]
[EventRounds "9"]
[EventCountry "SRB"]
[SourceTitle "EXT 2025"]
[Source "ChessBase"]
[SourceDate "2024.10.14"]
[SourceVersion "1"]
[SourceVersionDate "2024.10.14"]
[SourceQuality "1"]

1. Nf3 Nf6 2. c4 e6 3. g3 d5 4. Bg2 dxc4 5. 0-0 Nbd7 6. Qa4 a6 7. Qxc4 b5 8. Qb3 Bb7 9. d3 Be7 10. Bg5 0-0 11. Rc1 Rc8 12. Bxf6 Bxf6 13. a4 Bd5 14. Qc2 c5 15. Nc3 Bxc3 16. bxc3 b4 17. e4 Ba8 18. a5 Nb8 19. Ne5 Nc6 20. Nc4 bxc3 21. Qxc3 Nd4 22. Ra2 Bc6 23. h4 Rc7 24. Kh2 Bb5 25. f4 f6 26. Rf2 Qd7 27. Nb6 Qd6 28. Nc4 Bxc4 29. Qxc4 Kh8 30. Re1 Qc6 31. e5 Qb5 32. Qc3 Qb4 33. Qc1 f5 34. Ra2 Nb5 35. Qe3 0-1

[Event "Paracin op-A 17th"]
[Site "Paracin"]
[Date "2024.07.06"]
[Round "5"]
[White "Zhukov, Anton"]
[Black "Dorokhina, Elizaveta"]
[Result "1-0"]
[WhiteElo "2237"]
[BlackElo "1962"]
[PlyCount "107"]
[EventDate "2024.07.03"]
[EventType "swiss"]
[EventRounds "9"]
[EventCountry "SRB"]
[SourceTitle "CBM 221 Extra"]
[Source "ChessBase"]
[SourceDate "2024.09.30"]
[SourceVersion "1"]
[SourceVersionDate "2024.09.30"]
[SourceQuality "1"]

1. d4 e6 2. c4 Nf6 3. Nf3 Bb4+ 4. Bd2 Bxd2+ 5. Qxd2 0-0 6. Nc3 d5 7. e3 Qe7 8. Qc2 dxc4 9. Bxc4 c5 10. 0-0 Nc6 11. Qe2 cxd4 12. exd4 Rd8 13. Rfd1 b6 14. Rac1 Bb7 15. a3 Rac8 16. Ba2 Qc7 17. Qe3 Qb8 18. h3 Qd6 19. d5 exd5 20. Nxd5 Nxd5 21. Rxd5 Qf6 22. Rxd8+ Rxd8 23. Ng5 Ne5 24. f4 h6 25. fxe5 Qxg5 26. Qxg5 hxg5 27. Rf1 Rd7 28. e6 Rd2 29. exf7+ Kf8 30. Rf2 Rd1+ 31. Kh2 Bd5 32. Bxd5 Rxd5 33. Kg3 Rd4 34. Kf3 Rf4+ 35. Ke3 Rxf2 36. Kxf2 Kxf7 37. Kf3 Kf6 38. Kg4 Kg6 39. a4 a6 40. b4 a5 41. b5 Kf6 42. Kh5 Kf5 43. g3 g4 44. hxg4+ Kf6 45. g5+ Kf7 46. g4 Kf8 47. Kg6 Kg8 48. Kf5 Kf7 49. g6+ Ke7 50. Ke5 Kd7 51. Kd5 Kc7 52. Ke6 Kd8 53. Kf7 Kd7 54. Kxg7 1-0

[Event "Paracin op-A 17th"]
[Site "Paracin"]
[Date "2024.07.03"]
[Round "1"]
[White "Zhukov, Anton"]
[Black "You, Qingyi"]
[Result "1-0"]
[WhiteElo "2237"]
[BlackElo "1880"]
[PlyCount "95"]
[EventDate "2024.07.03"]
[EventType "swiss"]
[EventRounds "9"]
[EventCountry "SRB"]
[SourceTitle "CBM 221 Extra"]
[Source "ChessBase"]
[SourceDate "2024.09.30"]
[SourceVersion "1"]
[SourceVersionDate "2024.09.30"]
[SourceQuality "1"]

1. d4 Nf6 2. c4 e6 3. Nf3 b6 4. g3 Bb7 5. Bg2 c5 6. d5 exd5 7. Nh4 g6 8. cxd5 d6 9. Nc3 Bg7 10. 0-0 0-0 11. Nf3 Re8 12. Nd2 Nbd7 13. Re1 a6 14. a4 Qc7 15. Qb3 Ne5 16. Nde4 Nxe4 17. Nxe4 h6 18. Bd2 f5 19. Nc3 Kh7 20. h3 Nd7 21. Qc2 Nf6 22. Rad1 Re7 23. e4 fxe4 24. Nxe4 Nxd5 25. h4 Nb4 26. Bxb4 cxb4 27. Qxc7 Rxc7 28. Rxd6 b5 29. axb5 axb5 30. b3 Ra6 31. Rxa6 Bxa6 32. Nd6 Bf8 33. Ra1 Bxd6 34. Rxa6 Rc1+ 35. Kh2 Bc5 36. f4 Re1 37. Rc6 Be7 38. Bd5 Kg7 39. Rb6 g5 40. hxg5 hxg5 41. f5 Re5 42. Rg6+ Kh8 43. Be6 Re2+ 44. Kh3 Re3 45. Bf7 Re5 46. f6 Bxf6 47. Rxf6 Kg7 48. Rf3 1-0

[Event "RUS-chT2"]
[Site "Sochi"]
[Date "2024.05.06"]
[Round "5.18"]
[White "Zhukov, Anton"]
[Black "Gabrielian, Artur"]
[Result "1/2-1/2"]
[WhiteElo "2238"]
[BlackElo "2429"]
[PlyCount "120"]
[EventDate "2024.05.01"]
[EventType "team-swiss"]
[EventRounds "9"]
[EventCountry "RUS"]
[SourceTitle "CBM 220 Extra"]
[Source "ChessBase"]
[SourceDate "2024.07.31"]
[SourceVersion "1"]
[SourceVersionDate "2024.07.31"]
[SourceQuality "1"]
[WhiteTeam "Saratov Region Volga"]
[BlackTeam "Moscow Prizant School"]
[WhiteTeamCountry "RUS"]
[BlackTeamCountry "RUS"]

1. d4 Nf6 2. c4 g6 3. Nc3 Bg7 4. e4 d6 5. Be2 0-0 6. Be3 Nc6 7. d5 Ne5 8. h3 e6 9. Nf3 Nxf3+ 10. Bxf3 a5 11. 0-0 Nd7 12. Qd2 Nc5 13. Rac1 e5 14. Be2 b6 15. b3 Bd7 16. f3 f5 17. exf5 gxf5 18. f4 e4 19. Bd4 Rf7 20. Kh2 Qh4 21. g3 Qh6 22. Nd1 Re8 23. Ne3 Ree7 24. Bxg7 Rxg7 25. Rg1 Ref7 26. Qc3 Rf8 27. a3 Be8 28. b4 axb4 29. axb4 Nd7 30. Rcf1 Kh8 31. g4 fxg4 32. Nxg4 Qh4 33. Ne3 Qf6 34. Qxf6 Nxf6 35. Rxg7 Kxg7 36. Nf5+ Kf7 37. Nd4 Bd7 38. Ra1 Ke7 39. f5 b5 40. Ra7 bxc4 41. Bxc4 e3 42. Rxc7 Ra8 43. b5 Kd8 44. b6 Rb8 45. Nc6+ Bxc6 46. Rxc6 Nd7 47. Rxd6 Rxb6 48. Re6 Rxe6 49. dxe6 Ne5 50. Bb5 Nf3+ 51. Kg3 Nd4 52. Bd3 Ke7 53. Kf4 Nxe6+ 54. fxe6 Kxe6 55. Kg5 Kf7 56. Kh6 Kg8 57. Bc4+ Kh8 58. h4 e2 59. Bxe2 Kg8 60. Bc4+ Kh8 1/2-1/2

[Event "Moscow-ch op Superfinal"]
[Site "Ershovo"]
[Date "2024.02.26"]
[Round "6"]
[White "Manvelyan, Mikayel"]
[Black "Zhukov, Anton"]
[Result "1/2-1/2"]
[WhiteElo "2098"]
[BlackElo "2308"]
[PlyCount "164"]
[EventDate "2024.02.23"]
[EventType "swiss"]
[EventRounds "10"]
[EventCountry "RUS"]
[SourceTitle "CBM 219 Extra"]
[Source "ChessBase"]
[SourceDate "2024.05.31"]
[SourceVersion "1"]
[SourceVersionDate "2024.05.31"]
[SourceQuality "1"]

1. e4 c5 2. c3 d5 3. exd5 Qxd5 4. Nf3 g6 5. Na3 Bg7 6. Bc4 Qe4+ 7. Be2 Nf6 8. d3 Qf5 9. Nb5 Qd7 10. d4 a6 11. Qa4 0-0 12. dxc5 Nd5 13. Qa3 b6 14. Nbd4 e5 15. Nc2 bxc5 16. Qxc5 Bb7 17. 0-0 Rc8 18. Qa3 Nc6 19. c4 Nde7 20. Bg5 Nf5 21. Rad1 Qe6 22. Rfe1 e4 23. Bf1 h6 24. Bc1 Rd8 25. Rxd8+ Rxd8 26. c5 Qd5 27. Nd2 Ncd4 28. Nxd4 Qxd4 29. Nc4 Qf6 30. Bf4 Nd4 31. Be5 Qg5 32. Qg3 Bxe5 33. Qxg5 Bxh2+ 34. Kxh2 hxg5 35. Nd6 Rd7 36. Nxb7 Rxb7 37. Rxe4 Nc6 38. b3 a5 39. Bc4 Rc7 40. a3 Kg7 41. Re8 Kf6 42. Be2 Nd4 43. b4 axb4 44. axb4 Rb7 45. b5 Nxe2 46. c6 Rxb5 47. c7 Rc5 48. c8Q Rxc8 49. Rxc8 Nd4 50. Kg3 Ne6 51. Kf3 Kf5 52. Ra8 Nd4+ 53. Ke3 Ne6 54. Ra5+ Kf6 55. Ke4 Nf4 56. Ra6+ Kg7 57. g3 Nh3 58. f3 g4 59. fxg4 Ng5+ 60. Ke5 Nh7 61. Kf4 Nf8 62. g5 Nh7 63. Ra5 Kg8 64. Ke4 Kg7 65. Re5 Kg8 66. Kd5 Kg7 67. Kd6 Kg8 68. Ke7 Kg7 69. Rd5 Kg8 70. Rc5 Kg7 71. Ke8 Kg8 72. Ke7 Kg7 73. Ra5 Kg8 74. g4 Kg7 75. Ra8 Nxg5 76. Rf8 Kh6 77. Rg8 Kh7 78. Kf8 Ne6+ 79. Kxf7 Ng5+ 80. Kf8 Ne6+ 81. Ke7 Kxg8 82. Kxe6 g5 1/2-1/2

[Event "Moscow-ch op Superfinal"]
[Site "Ershovo"]
[Date "2024.02.25"]
[Round "4"]
[White "Grigoryan, Aram"]
[Black "Zhukov, Anton"]
[Result "1/2-1/2"]
[WhiteElo "2095"]
[BlackElo "2308"]
[PlyCount "88"]
[EventDate "2024.02.23"]
[EventType "swiss"]
[EventRounds "10"]
[EventCountry "RUS"]
[SourceTitle "CBM 219 Extra"]
[Source "ChessBase"]
[SourceDate "2024.05.31"]
[SourceVersion "1"]
[SourceVersionDate "2024.05.31"]
[SourceQuality "1"]

1. d4 Nf6 2. c4 e6 3. Nc3 Bb4 4. Bd2 0-0 5. Nf3 d5 6. e3 b6 7. cxd5 exd5 8. Bd3 Bb7 9. Rc1 a6 10. 0-0 Nbd7 11. Ne5 Nxe5 12. dxe5 Bxc3 13. Bxc3 Ne4 14. Bxe4 dxe4 15. Qxd8 Rfxd8 16. f4 Bd5 17. a3 Bc4 18. Rfd1 Bb3 19. Rxd8+ Rxd8 20. Kf2 c5 21. f5 Rd1 22. Rxd1 Bxd1 23. Kg3 Bb3 24. Kf4 Bd5 25. e6 fxe6 26. fxe6 Bxe6 27. Kxe4 Kf7 28. Ke5 Ke7 29. Be1 Kd7 30. e4 Bb3 31. Bc3 Ke7 32. Kf4 Kf7 33. Be5 b5 34. Bd6 Ke6 35. Bxc5 a5 36. Bd4 Kf7 37. Ke5 a4 38. Kd6 g6 39. Ke5 h5 40. Kd6 Bc4 41. e5 Bb3 42. g3 Bc4 43. Kc5 Ke6 44. b4 Bf1 1/2-1/2

[Event "Moscow-ch op Superfinal"]
[Site "Ershovo"]
[Date "2024.02.24"]
[Round "2"]
[White "Efimov, Leonid"]
[Black "Zhukov, Anton"]
[Result "1/2-1/2"]
[WhiteElo "2058"]
[BlackElo "2308"]
[PlyCount "95"]
[EventDate "2024.02.23"]
[EventType "swiss"]
[EventRounds "10"]
[EventCountry "RUS"]
[SourceTitle "CBM 219 Extra"]
[Source "ChessBase"]
[SourceDate "2024.05.31"]
[SourceVersion "1"]
[SourceVersionDate "2024.05.31"]
[SourceQuality "1"]

1. d4 Nf6 2. c4 e6 3. g3 c5 4. d5 exd5 5. cxd5 d6 6. Nc3 g6 7. Bg2 Bg7 8. Nf3 0-0 9. 0-0 Re8 10. Re1 a6 11. a4 Nbd7 12. Bf4 Ng4 13. a5 Nge5 14. Qc2 Nxf3+ 15. exf3 Ne5 16. Ne4 Bf5 17. Bd2 b5 18. axb6 Qxb6 19. Ba5 Qb5 20. Bc3 Qd3 21. Qa4 Bxe4 22. Rxe4 Reb8 23. Re3 Qb5 24. Qh4 Nc4 25. Re7 Bxc3 26. bxc3 Qb2 27. Rae1 Ne5 28. Qf6 Rf8 29. Re3 Qc1+ 30. Bf1 Rab8 31. R7xe5 dxe5 32. Qxa6 Rb1 33. Kg2 Rb2 34. Be2 Rc2 35. Qc4 Qe1 36. Qd3 Rd2 37. Qc4 Re8 38. Qb5 Rd8 39. Rxe5 R2xd5 40. Re7 Rd2 41. Qc4 Rf8 42. f4 Rc2 43. Re3 Qd2 44. Qxc5 Rd8 45. f5 Qd5+ 46. Qxd5 Rxd5 47. fxg6 hxg6 48. h4 1/2-1/2

[Event "Moscow-ch op Superfinal"]
[Site "Ershovo"]
[Date "2024.02.23"]
[Round "1"]
[White "Zhukov, Anton"]
[Black "Fedorov, Artem Alek"]
[Result "0-1"]
[WhiteElo "2308"]
[BlackElo "2018"]
[PlyCount "140"]
[EventDate "2024.02.23"]
[EventType "swiss"]
[EventRounds "10"]
[EventCountry "RUS"]
[SourceTitle "CBM 219 Extra"]
[Source "ChessBase"]
[SourceDate "2024.05.31"]
[SourceVersion "1"]
[SourceVersionDate "2024.05.31"]
[SourceQuality "1"]

1. d4 Nf6 2. c4 e6 3. Nc3 Bb4 4. e3 c5 5. a3 Bxc3+ 6. bxc3 b6 7. Bd3 Bb7 8. f3 Nc6 9. Ne2 0-0 10. e4 Ne8 11. 0-0 d6 12. f4 f5 13. Qc2 Qd7 14. d5 Na5 15. dxe6 Qxe6 16. Ng3 Nf6 17. e5 Ne4 18. Nxe4 fxe4 19. Bxe4 Bxe4 20. Qxe4 Rae8 21. Qd5 dxe5 22. f5 Qxd5 23. cxd5 Rd8 24. Bg5 Rxd5 25. g4 Rd3 26. Rfd1 c4 27. Re1 Nc6 28. Rac1 h5 29. Re4 b5 30. a4 a6 31. axb5 axb5 32. gxh5 Rxf5 33. h4 Rff3 34. Rb1 Rg3+ 35. Kh2 Rh3+ 36. Kg2 Rdg3+ 37. Kf2 Rxc3 38. Rxb5 Rc2+ 39. Kg1 Nd4 40. Rb8+ Kh7 41. Rf8 Nf3+ 42. Rxf3 Rxf3 43. Rxe5 Rb3 44. Re1 Rbb2 45. Bf4 c3 46. Be5 Rg2+ 47. Kh1 Rge2 48. Rxe2 Rxe2 49. Bxc3 Re4 50. Kg2 Rxh4 51. Kg3 Rxh5 52. Kg4 Rc5 53. Bb2 Kh6 54. Kg3 g5 55. Bd4 Rc4 56. Be5 Kh5 57. Kh3 Rb4 58. Kg3 Rb3+ 59. Kg2 Kh4 60. Bf6 Ra3 61. Be7 Ra2+ 62. Kf3 Ra7 63. Bc5 g4+ 64. Kg2 Ra2+ 65. Kh1 Kh3 66. Bg1 g3 67. Bd4 Rh2+ 68. Kg1 Rd2 69. Bf2 Rd1+ 70. Be1 Rxe1# 0-1

[Event "Baku Jafarov Memorial"]
[Site "Baku"]
[Date "2024.01.07"]
[Round "6"]
[White "Talibov, Shiroghlan"]
[Black "Zhukov, Anton"]
[Result "1/2-1/2"]
[WhiteElo "2332"]
[BlackElo "2292"]
[PlyCount "51"]
[EventDate "2024.01.04"]
[EventType "tourn"]
[EventRounds "9"]
[EventCountry "AZE"]
[EventCategory "6"]
[SourceTitle "CBM 218 Extra"]
[Source "ChessBase"]
[SourceDate "2024.03.31"]
[SourceVersion "1"]
[SourceVersionDate "2024.03.31"]
[SourceQuality "1"]

1. e4 c6 2. d4 d5 3. Nc3 dxe4 4. Nxe4 Bf5 5. Ng3 Bg6 6. h4 h6 7. Nf3 Nd7 8. h5 Bh7 9. Bd3 Bxd3 10. Qxd3 e6 11. Bd2 Ngf6 12. 0-0-0 Be7 13. Ne4 Nxe4 14. Qxe4 Nf6 15. Qe2 Qd5 16. c4 Qe4 17. Qxe4 Nxe4 18. Be3 0-0 19. Ne5 Rfd8 20. Kc2 Rac8 21. g4 Bf6 22. f4 Nd6 23. b3 b5 24. c5 Bxe5 25. fxe5 Ne4 26. Rhe1 1/2-1/2

[Event "Baku Jafarov Memorial"]
[Site "Baku"]
[Date "2024.01.04"]
[Round "1"]
[White "Aliyev, Ravan"]
[Black "Zhukov, Anton"]
[Result "1/2-1/2"]
[WhiteElo "2311"]
[BlackElo "2292"]
[PlyCount "158"]
[EventDate "2024.01.04"]
[EventType "tourn"]
[EventRounds "9"]
[EventCountry "AZE"]
[EventCategory "6"]
[SourceTitle "CBM 218 Extra"]
[Source "ChessBase"]
[SourceDate "2024.03.31"]
[SourceVersion "1"]
[SourceVersionDate "2024.03.31"]
[SourceQuality "1"]

1. c4 Nf6 2. g3 e6 3. Bg2 d5 4. Nf3 Be7 5. 0-0 dxc4 6. Qa4+ c6 7. Qxc4 b5 8. Qc2 Bb7 9. a4 a6 10. Nc3 Nbd7 11. d3 0-0 12. Rd1 Qb6 13. e4 c5 14. Qe2 Rfd8 15. Bf4 Bc6 16. b3 Qb7 17. h3 Nf8 18. Ne5 Be8 19. Be3 Ng6 20. Nxg6 hxg6 21. e5 Nd5 22. Nxd5 exd5 23. d4 bxa4 24. bxa4 Qc7 25. dxc5 Qxe5 26. Qa2 Bc6 27. Bd4 Qf5 28. Rab1 a5 29. Rb6 Qd7 30. Be3 Rac8 31. Kh2 Bf6 32. Bd4 Bxd4 33. Rxd4 Qe7 34. Bxd5 Bxd5 35. Rxd5 Rxd5 36. Qxd5 Rxc5 37. Qa8+ Kh7 38. Rb8 g5 39. Qf3 g6 40. Rb7 Rc7 41. Rb5 Ra7 42. Qd5 Rd7 43. Qxg5 Qxg5 44. Rxg5 f5 45. h4 Kh6 46. g4 Rd4 47. Kg3 Rxa4 48. gxf5 gxf5 49. Rxf5 Ra1 50. Rf6+ Kg7 51. Ra6 a4 52. Kf4 a3 53. Kf5 a2 54. Ra7+ Kh8 55. h5 Kg8 56. Kf6 Kh8 57. Ra5 Kh7 58. Ra8 Rb1 59. Rxa2 Kh6 60. Ra6 Rb4 61. Kf5+ Kxh5 62. Re6 Rb5+ 63. Re5 Rb8 64. f4 Kh6 65. Re7 Rf8+ 66. Ke5 Kg6 67. Re6+ Kg7 68. f5 Ra8 69. Re7+ Kf8 70. Kf6 Ra6+ 71. Re6 Ra1 72. Rb6 Kg8 73. Rb8+ Kh7 74. Re8 Ra5 75. Ke6 Ra6+ 76. Kf7 Rb6 77. f6 Ra6 78. Re2 Ra7+ 79. Re7 Ra8 1/2-1/2

[Event "St Petersburg Korchnoi Memorial op"]
[Site "St Petersburg"]
[Date "2023.08.23"]
[Round "8"]
[White "Temirbekov, Taimaz"]
[Black "Zhukov, Anton"]
[Result "1/2-1/2"]
[WhiteElo "2106"]
[BlackElo "2270"]
[PlyCount "110"]
[EventDate "2023.08.18"]
[EventType "swiss"]
[EventRounds "9"]
[EventCountry "RUS"]
[SourceTitle "CBM 216 Extra"]
[Source "ChessBase"]
[SourceDate "2023.11.30"]
[SourceVersion "1"]
[SourceVersionDate "2023.11.30"]
[SourceQuality "1"]

1. Nf3 d5 2. d4 Nf6 3. g3 c6 4. Bg2 Bf5 5. 0-0 e6 6. c4 Be7 7. Nc3 0-0 8. Qb3 Qb6 9. c5 Qc7 10. Bf4 Qc8 11. Nh4 Bg6 12. Nxg6 hxg6 13. Qc2 Nbd7 14. b4 Re8 15. Rfc1 Bd8 16. a4 Bc7 17. Bxc7 Qxc7 18. f4 b6 19. Rab1 bxc5 20. bxc5 Rab8 21. Bf3 Qa5 22. e3 Rxb1 23. Rxb1 Rb8 24. Rb3 Qc7 25. Kf1 Kf8 26. Be2 Ke7 27. h4 Rxb3 28. Qxb3 Qb8 29. Qxb8 Nxb8 30. g4 Nfd7 31. Na2 Nf6 32. Nc3 Nfd7 33. g5 f5 34. Na2 Nf8 35. Nc1 Nfd7 36. Ke1 Kf7 37. Kd2 Ke7 38. Kc3 Ke8 39. Kb4 Kd8 40. Ka5 Kc7 41. Nd3 Kd8 42. Nb4 Nf8 43. Bf1 Nfd7 44. Ba6 Ke7 45. Nd3 Kd8 46. Nc1 Nf8 47. Ne2 Nfd7 48. Ng3 Ke7 49. Bc8 Nf8 50. h5 gxh5 51. Nxh5 Kf7 52. Kb4 Kg6 53. Ng3 Kf7 54. Nh5 Kg6 55. Ng3 Kf7 1/2-1/2

[Event "St Petersburg Korchnoi Memorial op"]
[Site "St Petersburg"]
[Date "2023.08.22"]
[Round "7"]
[White "Zhukov, Anton"]
[Black "Rudovskii, Filipp"]
[Result "1-0"]
[WhiteElo "2270"]
[BlackElo "2036"]
[PlyCount "97"]
[EventDate "2023.08.18"]
[EventType "swiss"]
[EventRounds "9"]
[EventCountry "RUS"]
[SourceTitle "CBM 216 Extra"]
[Source "ChessBase"]
[SourceDate "2023.11.30"]
[SourceVersion "1"]
[SourceVersionDate "2023.11.30"]
[SourceQuality "1"]

1. Nf3 Nf6 2. c4 e6 3. d4 c5 4. d5 d6 5. Nc3 g6 6. Bf4 e5 7. Bg5 Bg7 8. e4 h6 9. Be3 0-0 10. h3 a6 11. Nd2 Nxe4 12. Ndxe4 f5 13. Bd3 fxe4 14. Nxe4 b5 15. b3 Bf5 16. 0-0 Bxe4 17. Bxe4 g5 18. Qd3 Qe8 19. Rab1 b4 20. g4 Nd7 21. Kg2 Nf6 22. Bg6 e4 23. Bxe8 exd3 24. Bg6 Nd7 25. Bxd3 Ne5 26. Bf5 a5 27. h4 Rxf5 28. gxf5 gxh4 29. Rh1 Bf6 30. Bf4 Kf7 31. Bxe5 dxe5 32. d6 e4 33. Rbd1 a4 34. d7 axb3 35. axb3 Bd4 36. Rxh4 Ke7 37. Rxe4+ Kxd7 38. Rf4 Ke7 39. Re1+ Kf7 40. Re6 Ra3 41. Rf3 Bc3 42. Rc6 Rxb3 43. f6 Ra3 44. Rc7+ Kf8 45. f7 Ra8 46. Rxc5 Kg7 47. Rb5 Rf8 48. Rb7 Bf6 49. c5 1-0

[Event "St Petersburg Korchnoi Memorial op"]
[Site "St Petersburg"]
[Date "2023.08.18"]
[Round "1"]
[White "Zhukov, Anton"]
[Black "Abramkina, Veranika"]
[Result "1-0"]
[WhiteElo "2270"]
[BlackElo "1732"]
[PlyCount "85"]
[EventDate "2023.08.18"]
[EventType "swiss"]
[EventRounds "9"]
[EventCountry "RUS"]
[SourceTitle "CBM 216 Extra"]
[Source "ChessBase"]
[SourceDate "2023.11.30"]
[SourceVersion "1"]
[SourceVersionDate "2023.11.30"]
[SourceQuality "1"]

1. d4 Nf6 2. c4 c5 3. d5 e6 4. Nc3 exd5 5. cxd5 d6 6. e4 g6 7. f4 Bg7 8. Bb5+ Nfd7 9. Be2 0-0 10. Nf3 Re8 11. 0-0 Na6 12. Nd2 Nf6 13. Bf3 Nc7 14. a4 b6 15. Re1 Ba6 16. e5 dxe5 17. d6 Qxd6 18. Bxa8 Nxa8 19. fxe5 Qd4+ 20. Kh1 Ng4 21. Nde4 Nxe5 22. Qxd4 cxd4 23. Nd5 Re6 24. Ng5 Rd6 25. Nb4 Bb7 26. Bf4 f6 27. Nd3 h6 28. Nf3 g5 29. Bg3 Nc7 30. Nfxe5 fxe5 31. Bxe5 Bxe5 32. Rxe5 Nd5 33. Rc1 Ne3 34. Re7 Bxg2+ 35. Kg1 Bc6 36. Ne5 Kf8 37. Rf7+ Ke8 38. Rxa7 Bd7 39. Rxd7 Rxd7 40. Nxd7 Kxd7 41. Kf2 Ng4+ 42. Kf3 Nxh2+ 43. Kg3 1-0

[Event "Belgrade Serbia op"]
[Site "Belgrade"]
[Date "2023.07.24"]
[Round "9"]
[White "Zhukov, Anton"]
[Black "Perunovic, Miodrag"]
[Result "0-1"]
[WhiteElo "2215"]
[BlackElo "2405"]
[PlyCount "99"]
[EventDate "2023.07.16"]
[EventType "swiss"]
[EventRounds "9"]
[EventCountry "SRB"]
[SourceTitle "CBM 215 Extra"]
[Source "ChessBase"]
[SourceDate "2023.09.30"]
[SourceVersion "1"]
[SourceVersionDate "2023.09.30"]
[SourceQuality "1"]

1. d4 Nf6 2. c4 g6 3. Nc3 Bg7 4. e4 d6 5. h3 0-0 6. Be3 e5 7. d5 Na6 8. Bd3 c6 9. Nge2 cxd5 10. cxd5 Bd7 11. a3 Nc5 12. Bc2 a5 13. b4 axb4 14. axb4 Na6 15. Rb1 Nh5 16. 0-0 Qh4 17. Ba4 Bc8 18. f3 f5 19. Bf2 Qg5 20. Bc2 Nc7 21. Kh2 Bd7 22. b5 Rf7 23. b6 Na6 24. Ba4 Bxa4 25. Qxa4 Raf8 26. Qa3 Qd8 27. Be3 Nf6 28. Nb5 Ne8 29. Nec3 h5 30. Nc7 Naxc7 31. bxc7 Qxc7 32. Rfc1 Qe7 33. Qa7 f4 34. Bb6 g5 35. Ne2 g4 36. Rc8 Qh4 37. Bd8 Bf6 38. Bxf6 Nxf6 39. Rxf8+ Kxf8 40. Qb6 Kg7 41. Rg1 Rd7 42. Rc1 Kh6 43. Rc8 Qe1 44. Ng1 g3+ 45. Kh1 Nxe4 46. fxe4 f3 47. Rh8+ Kg7 48. Rd8 Rxd8 49. h4 fxg2+ 50. Kxg2 0-1

[Event "Belgrade Serbia op"]
[Site "Belgrade"]
[Date "2023.07.23"]
[Round "8"]
[White "Marn, Jan"]
[Black "Zhukov, Anton"]
[Result "0-1"]
[WhiteElo "2345"]
[BlackElo "2215"]
[PlyCount "86"]
[EventDate "2023.07.16"]
[EventType "swiss"]
[EventRounds "9"]
[EventCountry "SRB"]
[SourceTitle "CBM 215 Extra"]
[Source "ChessBase"]
[SourceDate "2023.09.30"]
[SourceVersion "1"]
[SourceVersionDate "2023.09.30"]
[SourceQuality "1"]

1. d4 Nf6 2. Nf3 e6 3. c4 b6 4. g3 Bb7 5. Bg2 Be7 6. 0-0 0-0 7. Re1 c5 8. d5 exd5 9. Nh4 Ne4 10. cxd5 Bxh4 11. Bxe4 Bf6 12. Nc3 d6 13. Bg2 Nd7 14. Ne4 Be7 15. Bf4 Qc7 16. Rc1 Rae8 17. b4 f5 18. Nc3 Nf6 19. Nb5 Qd7 20. Nxa7 Ne4 21. b5 Bf6 22. Nc6 g5 23. Bd2 Qg7 24. Qc2 h5 25. a4 h4 26. a5 bxa5 27. Bxa5 hxg3 28. hxg3 g4 29. Bxe4 fxe4 30. e3 Qh6 31. Qe2 Qh5 32. Red1 Bg5 33. Rc3 Rf3 34. Ra3 Ref8 35. Be1 R8f7 36. Qf1 Bxe3 37. Rxe3 Rxe3 38. Qg2 Ref3 39. Nd8 Rh7 40. Ne6 Qe5 41. Nf4 e3 42. fxe3 Qxe3+ 43. Bf2 Rxf2 0-1

[Event "Paracin op 16th"]
[Site "Paracin"]
[Date "2023.07.13"]
[Round "7"]
[White "Tsvetkov, Andrey1"]
[Black "Zhukov, Anton"]
[Result "1/2-1/2"]
[WhiteElo "2412"]
[BlackElo "2215"]
[PlyCount "52"]
[EventDate "2023.07.07"]
[EventType "swiss"]
[EventRounds "9"]
[EventCountry "SRB"]
[SourceTitle "EXT 2024"]
[Source "ChessBase"]
[SourceDate "2023.10.10"]
[SourceVersion "1"]
[SourceVersionDate "2023.10.10"]
[SourceQuality "1"]

1. c4 Nf6 2. Nc3 e6 3. d4 Bb4 4. e3 0-0 5. Bd3 Re8 6. Nf3 c5 7. 0-0 Bxc3 8. bxc3 d6 9. e4 e5 10. Bg5 h6 11. Bh4 Nbd7 12. Bc2 Qe7 13. Ba4 Rd8 14. Bxd7 Bxd7 15. h3 exd4 16. cxd4 Qxe4 17. Bxf6 gxf6 18. Qd2 Qg6 19. Kh2 cxd4 20. Qxd4 Bc6 21. Nh4 Qg5 22. Rae1 d5 23. Nf3 Qg6 24. Nh4 Qg5 25. Nf3 Qg6 26. Nh4 Qg5 1/2-1/2